Statistics for Guess the EU Country

Click here to take the quiz!

General Stats

  • This quiz has been taken 64 times
    (59 since last reset)
  • The average score is 17 of 20

Answer Stats

HintEU Country% Correct
Most Populous EU CountryGermany
100%
Largest EU Country (By area)France
94%
Two EU Countries located on the Iberian PeninsulaSpain
90%
EU Country which has only border which is with GermanyDenmark
88%
Portugal
88%
Largest EU Country in Scandinavia (By area)Sweden
88%
Only EU Country which borders the United Kingdom (Not including overseas territories)Ireland
86%
Only EU Country which is a Mediterranean Island located Entirely in EuropeMalta
86%
EU Country which has a capital named "Sofia"Bulgaria
84%
EU Country which has a capital named "Budapest"Hungary
84%
EU Country which "Sardinia" belongs toItaly
84%
Country where the EU Headquarters is located inBelgium
82%
Southernmost EU CountryGreece
82%
EU Country which has a debatable capital between Amsterdam and The HagueNetherlands
82%
Only EU Country which is a Grand DuchyLuxembourg
80%
EU Country which was annexed by Germany by a referendum in 1939Austria
78%
EU Country which was the last to join the OrganizationCroatia
73%
Largest EU Country in the Balkans (By area)Romania
73%
Only EU Country which is transcontinental between Europe and AsiaCyprus
69%
EU Country where the operating system "Linux" was created inFinland
61%

Score Distribution

Percentile by Number Answered

Percent of People with Each Score

Your Score History

You have not taken this quiz since the last reset